000
00297pab a2200133 454500
008
180718b1990 xxu||||| |||| 00| 0 eng d
245
_a
Employment for rural youth
260
_c
1990
300
_a
7-66
362
_a
Oct.
650
_a
Youth - India
773
_a
Khadi Gramodyog
909
_a
21092
999
_c
21092
_d
21092